Statistics for Dishes named after places

Click here to take the quiz!

General Stats

  • This quiz has been taken 378 times
    (363 since last reset)
  • The average score is 9 of 18

Answer Stats

HintAnswer% Correct
Meat patty served in a bun named after a city in Northern GermanyHamburger
89%
Belgium and France both claim inventing this side dish they call pommes-fritesFrench Fries
81%
Feta Cheese, olives, tomato and cucumber are the main ingredient of this dish named after a Mediterranean country.Greek Salad
73%
Ukrainian: Butter surrounded by Chicken filet held together with breadingChicken Kiev
68%
Sushi rolled inside-out with crab and avocado named after this U.S. StateCalifornia Roll
65%
This soup, main ingredients clams, popular named of this New-England cityBoston Clam Chowder
63%
Thin, breaded, pan-fried veal cutlet named after a capitalWiener Schnitzel
58%
This bird is seasoned, baked crispy in an special oven and served with leek, cucumber, hoisin sauce and pancakesPeking Duck
49%
A place in Florida names this citrus fruit and meringue tarteKey Lime Pie
45%
Immigrants from Italy made this dish of pasta and mince meat popularSpaghetti Bolognese
44%
Miners in Western England first liked this combo of beef, potato, swede and onion and pastryCornish Pasty
42%
This hoagie sandwich with meat and cheese is a popular fast food in the U.S.Philadelphia Cheesesteak
39%
Hot cheese sauce on toast named after a part of BritainWelsh Rarebit
39%
This spicy curry is named after the capital of Tamil NaduCurry Madras
37%
A wine from a Portuguese islands gives its name to this dry cakeMadeira Cake
36%
A salad of eggs, olives and tomatoes, often popular with green beans and
potatoes and named after a Mediterranean town
Salade Niçoise
31%
A thick soup of lamb or mutton is the signature dish of an island nation in EuropeIrish Stew
24%
Cooked Beef with carrot and onions served with potatoes; a famous French dishBeef Bourguignon
13%

Score Distribution

Percentile by Number Answered

Percent of People with Each Score

Your Score History

You have not taken this quiz since the last reset